000 00500nam a2200145 a 4500
001 000024301
005 20200930022906.0
008 110126s1997 dr 001 0 spa d
040 _aDO-SdBNP
_bspa
_cBNPHU
245 0 _aPerfil del Banco Central de la República Dominicana :
_b50 años de historia /
_ceditor Miguel Reyes Sánchez.
260 _a[Santo Domingo] :
_bAmigo del Hogar,
_c1997.
300 _a98 p. :
_bil., retrs. ;
_c29 cm.
700 1 _aReyes Sánchez, Miguel
_eed.
_916027
049 _aBNPD
999 _c23794
_d23794